Normal view
MARC view
Entry Personal Name
001 - CONTROL NUMBER
- control field: 29543
003 - CONTROL NUMBER IDENTIFIER
- control field: ARRUPE
005 - DATE AND TIME OF LATEST TRANSACTION
- control field: 20170322115320.0
008 - FIXED-LENGTH DATA ELEMENTS
- fixed length control field: 170322|| aca||aabn | a|a d
040 ## - CATALOGING SOURCE
- Original cataloging agency: ARRUPE
- Transcribing agency: ARRUPE
100 ## - HEADING--PERSONAL NAME
- Personal name: Roger Riddell
670 ## - SOURCE DATA FOUND
- Source citation: Work cat.: (ARRUPE)126335: Gilmurray, John 29535, The struggle for health, 1979